Datum a čas kvízu
32
Celkem bodů
Celkový počet nahraných bodů na tomto kvízu bez doplňovacích otázek.
5.
Pořadí na kvízu
Konečné umístění týmu na tomto kvízu.
Zaznamenané odpovědi
| # | Otázka | Odpověď | Body | Výsledky |
|---|---|---|---|---|
| 1. | Jak se jmenuje tento muž, kter... | Vladimír Balaš | 1 | |
| 2. | Německý bulvární časopis Die A... | s Michaelem Schumacherem | 1 | |
| 3. | Minulý týden byly rozděleny pr... | Patrik Banga | 0 | |
| 4. | Japonská společnost Sega oznám... | Angry Birds | 1 | |
| 5. | Minulý týden začal soudní proc... | Roman Berbr, Plzeň | 0.5 | |
| 6. | O slovanských bozích a mýtech... | Vesna | 1 | |
| 7. | Níže zobrazený český lékař a b... | Jan Evangelista Purkyně, Živa | 0.5 | |
| 8. | Na kresbě níže je zachycena mý... | Kostěj | 1 | |
| 9. | Seřaďte tyto slovanské svátky... | 1B 2A 3C 4D | 0 | |
| 10. | Za půl bodu uveďte název tohot... | Lešij (Leshen, Lěsovik, Lasovik), Zaklínač | 0.5 |